| 000 | 00504nam a2200145 4500 | ||
|---|---|---|---|
| 005 | 20260224125005.0 | ||
| 008 | 260224b |||||||| |||| 00| 0 eng d | ||
| 020 | _a0838562507 | ||
| 100 | _aLevinson Warren & Jawetz Ernest | ||
| 245 |
_aMedical Microbiology & Immunology: Examination & Board Review _c/Warren & Ernest |
||
| 250 | _a4th ed | ||
| 260 |
_aUnited States of America; _bAppleton & Lange International and Business Professional Group; _c1996 |
||
| 300 |
_aix, 523p. ill; _c25cm |
||
| 942 |
_2lcc _n0 _cBK |
||
| 999 |
_c172 _d172 |
||